|
|
|
|
| LEADER |
00000nab a2200000 a 4500 |
| 001 |
vtls000764479 |
| 003 |
SK-MaSNL |
| 005 |
20260304133334.0 |
| 008 |
250429c2000 xo 0 slo |
| 015 |
|
|
|a SNBRB2001/08-23300
|
| 035 |
|
|
|a CLN000116266
|
| 035 |
|
|
|a urn:nbn:sk:snk-ab77a9
|
| 035 |
|
|
|a (uuid)06270900-51f6-4820-990b-74788cc97b7e
|
| 035 |
|
|
|a (urnnbn)urn:nbn:sk:snk:ar-a07373
|
| 035 |
|
|
|a (sysno)vtls000764479
|
| 040 |
|
|
|a SNKBUCL
|b slo
|c SNKBUCL
|e AACR2
|
| 041 |
0 |
|
|a slo
|
| 044 |
|
|
|a xo
|c SK
|
| 080 |
|
|
|a 553.46(234.372.3)
|2 1997
|
| 100 |
1 |
|
|a Petro, Milan,
|d 1937-
|4 aut
|9 165329
|
| 245 |
1 |
0 |
|a Molybdénová mineralizácia pri Muráni
|c Milan Petro
|
| 504 |
|
|
|a Bibliogr. odkazy
|
| 650 |
0 |
7 |
|a molybdén
|2 snkbucl
|9 162414
|
| 651 |
|
7 |
|a Muráň (Slovensko)
|2 snkbucl
|9 51834
|
| 655 |
|
7 |
|a články z novín a časopisov
|2 snkbucl
|9 267496
|
| 773 |
0 |
|
|t Geologické práce
|g Č. 104 (2000), s. 57-58
|x 0433-4795
|
| 850 |
|
|
|a Slovenská národná knižnica
|
| 852 |
|
|
|a Slovenská národná knižnica
|
| 954 |
|
|
|a odborná, vedecká literatúra pôvodná (slovenská)
|2 lita
|
| 958 |
|
|
|a article27
|
| 958 |
|
|
|a NB
|
| 958 |
|
|
|a SK
|
| 958 |
|
|
|a OND
|
| 958 |
|
|
|a EUIPO
|
| 999 |
|
|
|c 2900997
|d 2902927
|